00421cam a22001217a 4500008004000000082001800040100002000058245013100078260002800209300001000237650003100247700002100278180718b1972 xxu||||| |||| 00| 0 eng d aB135x669 Sm72 aSmock, David R. aCultural and political aspects of rural transformation: a case study of eastern Nigeriacby David R. Smock and Audrey C. Smock aNew YorkbPraegerc1972 a387p. aRural employment - Nigeria aSmock, Audrey C.